LEADER 01015nam0 2200265 450 001 000039438 005 20160127154342.0 100 $a20141105d1953----km-y0itaa50------ba 101 0 $adut 102 $aNL 200 1 $aStudia Ruhnkeniana$eEine hoofdstukken over leven en werk van David Ruhnkensius (1723-1798)$fdoor Elfriede Hulshoff Pol 210 $aLeiden$cLuctor et Emergo$d[1953] 215 $a215 p.$d24 cm. 600 1$aRuhnkenius,$bDavid 676 $a480.09$v(22. ed.)$9Lingue classiche Greco classico. Storia, geografia, persone 700 1$aHulshoff Pol,$bElfriede$0447436 801 0$aIT$bUniversità della Basilicata - B.I.A.$gREICAT$2unimarc 912 $a000039438 996 $aStudia Ruhnkeniana$9100629 997 $aUNIBAS BAS $aLETTERE CAT $aEXT016$b01$c20141105$lBAS01$h1322 CAT $aMDL$b30$c20160127$lBAS01$h1543 FMT Z30 -1$lBAS01$LBAS01$mBOOK$1BASA1$APolo Storico-Umanistico$2DSLF$BCollezione DiSLF$3DF/E2508$64609$5F4609$820141105$f04$FPrestabile Didattica